00735nam a22002297a 4500003000900000005001700009008003000026020001800056040002500074082002200099245001300121260004300134300002800177490001500205590002600220650002400246650003600270910004100306942001200347952012900359999001700488DO-SdBPM20250528113220.0161116b1999 sp a| 00| 0 spa d a9788430571253 aDO-SdBPMbspacBPMSU 4a808.83bA316 22200aAladino  aMadrid :bSusaeta Ediciones,c [200-?] a16 p. :bil., ;c30 cm.0 aArlequín aInventariado, 2025/VM 4aCuentos infantiles  4aLibros ilustrados para niños  aVMateo V. Control de calidad. BPMSU  2ddccBK 00102ddc40708CI-GaBPMETbBPMETd2016-11-16eFUNDIl0oBPMSU CGI 808.83 A316 pBPMSU16111384r2016-11-16w2016-11-16yBK c11970d11970